[Event "St Joao da Madeira op 10th"]
[Site "Sao Joao da Madeira"]
[Date "2013.10.12"]
[Round "6.21"]
[White "Silva, Mariana Sofia Teixe"]
[Black "Alvarez, Ricardo Fernando"]
[Result "1-0"]
[WhiteElo "1622"]
[BlackElo "1722"]
[PlyCount "80"]
[EventDate "2013.10.05"]
[EventType "swiss"]
[EventRounds "7"]
[EventCountry "POR"]
[SourceTitle "EXT 2015"]
[Source "ChessBase"]
[SourceDate "2014.11.20"]
[SourceVersion "1"]
[SourceVersionDate "2014.11.20"]
[SourceQuality "1"]

1. e4 c5 2. Nc3 e6 3. g3 d5 4. exd5 exd5 5. Bg2 Be6 6. Nge2 Nc6 7. d4 cxd4 8. Nxd4 Nf6 9. Bg5 Be7 10. Nxe6 fxe6 11. 0-0 0-0 12. Re1 h6 13. Bf4 g5 14. Bc1 Bc5 15. Na4 Ne4 16. Nxc5 Nxc5 17. c3 Qf6 18. Be3 Nd7 19. Qe2 Rae8 20. Rad1 Nde5 21. f4 Nf7 22. Bc5 gxf4 23. Bxf8 Rxf8 24. Bxd5 fxg3 25. hxg3 Qg5 26. Kg2 h5 27. Bxc6 bxc6 28. Rh1 Rb8 29. Rxh5 Rxb2 30. Qxb2 Qxh5 31. Qb8+ Kg7 32. Rd2 Qf5 33. Qf4 Ne5 34. Qxf5 exf5 35. Rb2 Kf6 36. Rb7 a5 37. Ra7 Nc4 38. Ra6 Ke5 39. Rxc6 Kd5 40. Rc8 Ke4 1-0